ბათუმის შოთა რუსთაველის სახელმწიფო უნივერსიტეტის ბიბლიოთეკა

თარგმანის ახალი თეორიები და სტილის ეკვივალენტობის პრობლემა / (ბიბ.ჩანაწერი № 53199)

000 -ლიდერი
ფიქსირებული სიგრძის საკონტროლო ველი 01391nam a2200265Ia 4500
001 - საკონტროლო ნომერი
საკონტროლო ველი 20240
003 - საკონტროლო ნომრის იდენტიფიკატორი
საკონტროლო ველი GE_BSU
005 - ბოლო ოპერაციის თარიღი და დრო
საკონტროლო ველი 20200630130940.0
008 - ფიქსირებული სიგრძის მონაცემთა ელემენტები - ზოგადი ინფორმაცია
ფიქსირებული სიგრძის საკონტროლო ველი 181216s1995||||ge |||||||||||||| ||geo||
020 ## - წიგნის საერთაშორისო სტანდარტული ნომერი
International Standard Book Number 5-505-01804-1
040 ## - კატალოგიზაციის წყარო
Transcribing agency GE_BSU
041 ## - ენის კოდი
Language code of text/sound track or separate title 81'25 + 81'38 ფ-23
080 ## - უნივერსალური ათობითი კლასიფიკაციის ინდექსი
Universal Decimal Classification number 81'25 + 81'38
100 ## - მთავარი ჩანაწერი - პიროვნების სახელი
Personal name ფანჯიკიძე, დალი
9 (RLIN) 8905
245 ## - ცნობა სათაურის შესახებ
Title თარგმანის ახალი თეორიები და სტილის ეკვივალენტობის პრობლემა /
Statement of responsibility, etc დალი ფანჯიკიძე ; რედ. ნ. სუხიტაშვილი
264 ## - წარმოების, გამოცემის, დისტრიბუციის და სხვა ცნობები
გამოცემის, წარმოების, დისტრიბუციის... ადგილი თბილისი :
გამოცემის, წარმოების, დისტრიბუციის... სახელწოდება განათლება,
გამოცემის, წარმოების, დისტრიბუციის... თარიღი 1995.
300 ## - ფიზიკური აღწერა
Extent 200 გვ. ;
Dimensions 20 სმ.
300 ## - ფიზიკური აღწერა
Accompanying material საქართველოს სსრ მეცნიერებათა აკადემია, ენათმეცნიერების ინსტიტუტი.
504 ## - BIBLIOGRAPHY, ETC. NOTE
Bibliography, etc ბიბლიოგრაფია : გვ. 189-198
653 ## - INDEX TERM--UNCONTROLLED
Uncontrolled term თარგმანის ახალი თეორიები და სტილის ეკვივალენტობის პრობლემა
653 ## - INDEX TERM--UNCONTROLLED
Uncontrolled term ქართული ენა
700 ## - ADDED ENTRY--PERSONAL NAME
Personal name სუხიტაშვილი, ნ.
Relator term რედაქტორი
9 (RLIN) 8906
942 ## - ADDED ENTRY ELEMENTS (KOHA)
Koha item type წიგნი
Source of classification or shelving scheme
ეგზემპლარები
ჩამოწერის სტატუსი დაკარგული ეგზემპლარის სტატუსი კლასიფიკაციის წყარო ან თაროზე გაწყობის სქემა დაზიანების სტატუსი არ გაიცემა მუდმივი მდებარეობა (დაცვის ადგილი) ამჟამინდელი ადგილსამყოფელი თაროზე განთავსების ადგილი შეძენის თარიღი ღირებულება, შესყიდვის ნორმალური ფასი სრული შენახვის შიფრი შტრიხკოდი ბოლო ოპერაციის თარიღი ეგზემპლარის მიმდევრობითი ნომერი (კეტერი?) ფასის ძალაში შესვლის თარიღი ეგზემპლარის სახეობა საჯარო შენიშვნა
          ბათუმის შოთა რუსთაველის სახელმწიფო უნივერსიტეტის მთავარი ბიბლიოთეკა ბათუმის შოთა რუსთაველის სახელმწიფო უნივერსიტეტის მთავარი ბიბლიოთეკა წიგნსაცავი 2018-12-17 5.00 81'25 + 81'38 52821 2018-12-17 52821 2018-12-17 წიგნი 5.00 ლ